• 首页
  • 本馆介绍
  • 公告通知
  • 最新文献
  • 馆藏检索
  • 电子资源
  • 读者导购
  • 参考咨询
  • 我的图书馆
  • 登录
  • 详细信息显示
  • 放入我的书架
  • 预约/预借图书
  • 作者相关作品
  • 分类相关作品
  • 丛书相关作品
  • 出版社相关作品

书目信息

  • 表格格式
  • 工作单格式
  • 卡片格式
题名:
练能课练什么
    
 
作者: 熊生贵 主编
分册:  
出版信息: 北京   现代教育出版社  2018
页数: 250页
开本: 24cm
丛书名:
单 册:
中图分类: G623.202 , G623.502
科图分类:
主题词: 小学语文课--教学研究 , 小学数学课--教学研究
电子资源:
ISBN: 978-7-5106-6141-9
000 00967nam0 2200253 450
001 012001003157
005 20130125105122.0
010    @a978-7-5106-6141-9@dCNY60.00
100    @a20190406d2018 em y0chiy50 ea
101 0  @achi
102    @aCN@b110000
105    @ay z 000yy
106    @ar
200 1  @a练能课练什么@9lian neng ke lian shen me@f熊生贵主编
210    @a北京@c现代教育出版社@d2018
215    @a250页@d24cm
330    @a本书分为两编。第一编“练能语文课练什么”,主要讲“教懂·串讲串问”型语文课应该终结,要上成练能语文课,让练读说写成为课堂常态,以及如何在新常态语文课中,实施好好读、好好说、好好写。第二编“练能数学课练什么等点论”,主要讲练能之“能”与“练”的含义,以及数学练能练什么以及怎么练等。
606 0  @a小学语文课@x教学研究
606 0  @a小学数学课@x教学研究
690    @aG623.202@v5
690    @aG623.502@v5
701  0 @a熊生贵@9xiong sheng gui@4主编
801  0 @aCN@b江苏凤凰@c20191020
905    @b1217330-3@dG623.202@e687@f4
    
    练能课练什么/熊生贵主编.-北京:现代教育出版社,2018
    250页;24cm
    
    
    ISBN 978-7-5106-6141-9:CNY60.00
    本书分为两编。第一编“练能语文课练什么”,主要讲“教懂·串讲串问”型语文课应该终结,要上成练能语文课,让练读说写成为课堂常态,以及如何在新常态语文课中,实施好好读、好好说、好好写。第二编“练能数学课练什么等点论”,主要讲练能之“能”与“练”的含义,以及数学练能练什么以及怎么练等。
●
相关链接 在E读中查询图书 在五车中查询图书 在当当中查询图书 在豆瓣中查询图书


正题名:练能课练什么     索取号:G623.202/687         预约/预借

序号 登录号 条形码 馆藏地/架位号 状态 备注
1 1217330   212173306   第一样本阅览室/ [索取号:G623.202/687] 在馆    
2 1217331   212173315   教育系资料室/ [索取号:G623.202/687] 在馆    
3 1217332   212173324   教育系资料室/ [索取号:G623.202/687] 在馆    
4 1217333   212173333   第四借阅区/ [索取号:G623.202/687] 在馆    
唐山师范学院图书馆 欢迎您!
大连网信软件有限公司© 版权所有